Tréning a ďalšie vzdelávanie manažmentu univerzít
Salvato in:
| Ente Autore: | |
|---|---|
| Altri autori: | |
| Natura: | Libro |
| Lingua: | slovacco |
| Pubblicazione: |
Bratislava
Centrum ďalšieho vzdelávania EU
[1998]
|
| Soggetti: | |
| Tags: |
Nessun Tag, puoi essere il primo ad aggiungerne!!
|
MARC
| LEADER | 00000nam a2200000 4500 | ||
|---|---|---|---|
| 001 | c122587 | ||
| 005 | 20221123133622.5 | ||
| 041 | 0 | |a slo | |
| 044 | |a SK | ||
| 245 | 1 | 0 | |a Tréning a ďalšie vzdelávanie manažmentu univerzít |c gestor: Dušan Malindžák |
| 264 | 1 | |a Bratislava |b Centrum ďalšieho vzdelávania EU |c [1998] | |
| 300 | |a 159 s. | ||
| 610 | 2 | 0 | |a manažment |
| 610 | 2 | 0 | |a manažéri |
| 610 | 2 | 0 | |a univerzity |
| 610 | 2 | 0 | |a vzdelávanie ďalšie |
| 610 | 2 | 0 | |a spolupráca podnikov |
| 610 | 2 | 0 | |a spolupráca vedeckovýskumná |
| 610 | 2 | 0 | |a potreby spoločenské |
| 610 | 2 | 0 | |a služby |
| 610 | 2 | 0 | |a školy vysoké |
| 610 | 2 | 0 | |a prax odborná |
| 610 | 2 | 0 | |a vzťahy zmluvné |
| 700 | 1 | |a Malindžák, Dušan | |
| 710 | 2 | |a Centrum ďalšieho vzdelávania Ekonomickej univerzity v Bratislave | |